000 00852nam a22001817a 4500
999 _c59489
_d59489
003 Ge_BSU
005 20230301114307.0
008 230228s2004 ge ||||| |||| 00| 0 geo d
020 _a9994076809
041 _ageo
080 _a338.24.021.8(479.22) მ-16
100 _aმაისაშვილი, გიორგი
_917076
245 _aქართული სახელმწიფოს მშენებლობისათვის : .
_bშესაძლებლობა, პასუხისმგებლობა, სოც. სოლიდარობა /
_cგიორგი მაისაშვილი.
264 _aთბილისი,
_c2004.
300 _a100 გვ. ;
_b20 სმ.
653 _aეკონომიკური რეფორმა საქართველოში
942 _2udc
_cBK